|
|
|
|
| LEADER |
01897nam a2200505 a 4500 |
| 001 |
nkc20112199104 |
| 003 |
CZ PrNK |
| 005 |
20240916140708.0 |
| 007 |
ta |
| 008 |
111006s2011 xr abe f 000 0 cze |
| 015 |
|
|
|a cnb002199104
|
| 020 |
|
|
|a 978-80-904730-0-3
|q (váz.)
|
| 035 |
|
|
|a (OCoLC)761168851
|
| 040 |
|
|
|a ABA001
|b cze
|
| 041 |
0 |
|
|a cze
|a lat
|b ger
|
| 043 |
|
|
|a e-xr---
|b e-xr-us
|2 czenas
|
| 072 |
|
7 |
|a 72
|x Architektura
|2 Konspekt
|9 21
|
| 080 |
|
|
|a 728.81
|2 MRF
|
| 080 |
|
|
|a (437.315)
|2 MRF
|
| 080 |
|
|
|a (048.8:082)
|2 MRF
|
| 100 |
1 |
|
|a Gabriel, František,
|d 1949-
|7 jn19981001298
|4 aut
|
| 245 |
1 |
0 |
|a Helfenburk :
|b hrad pražských arcibiskupů /
|c František Gabriel, Jaroslav Panáček, Kamil Podroužek
|
| 246 |
3 |
|
|a Hrad pražských arcibiskupů - Helfenburk
|
| 250 |
|
|
|a Vyd. 1.
|
| 260 |
|
|
|a Dřísy :
|b Hrádek,
|c 2011
|
| 300 |
|
|
|a 519 s. :
|b il. (některé barev.), mapy, plány ;
|c 24 cm +
|e plán ([1] l. ; 42 x 60 cm složeno na 21 x 15 cm)
|
| 504 |
|
|
|a Obsahuje bibliografii
|
| 546 |
|
|
|a Část. latinský text, německé resumé
|
| 610 |
2 |
7 |
|a Hrádek u Úštěka (hrad)
|7 kn20050510083
|2 czenas
|
| 650 |
0 |
7 |
|a hrady
|7 ph120854
|z Česko
|2 czenas
|
| 650 |
0 |
7 |
|a hrady
|7 ph120854
|x dějiny
|2 czenas
|
| 650 |
0 |
9 |
|a castles
|z Czechia
|2 eczenas
|
| 650 |
0 |
9 |
|a castles
|x history
|2 eczenas
|
| 651 |
|
7 |
|a Úštěk (Česko : oblast)
|7 ge234327
|2 czenas
|
| 651 |
|
9 |
|a Úštěk Region (Czechia)
|2 eczenas
|
| 655 |
|
7 |
|a kolektivní monografie
|7 fd501537
|2 czenas
|
| 655 |
|
9 |
|a collective monographs
|2 eczenas
|
| 700 |
1 |
|
|a Panáček, Jaroslav,
|d 1948-
|7 jo20000074470
|4 aut
|
| 700 |
1 |
|
|a Podroužek, Kamil,
|d 1966-
|7 mzk2008448792
|4 aut
|
| 910 |
2 |
|
|a BOA001
|b 2-1272.446
|
| 928 |
9 |
|
|a Občanské sdružení Hrádek
|
| 990 |
|
|
|a BK
|
| 995 |
|
|
|a 01
|
| 991 |
|
|
|b 201110
|c NOV
|e n
|
| 996 |
6 |
|
|b 2610490527
|c 2-1272.446
|l MZK
|r Sklad / do 1 hodiny
|n 8
|p p.v.
|w 001206253
|u 000010
|a 1
|e BOA001
|j MZK50
|s P
|